| 000 | 01036cam a2200361 a 4500 | ||
|---|---|---|---|
| 003 | OCoLC | ||
| 005 | 20241220113821.0 | ||
| 008 | 960409s1996 nyua j 001 0 eng d | ||
| 001 | ocm34736959 | ||
| 010 | _a 96075736 | ||
| 020 |
_a0060248025 : _c$17.95 |
||
| 020 | _a0060248033 (lib bdg.) | ||
| 035 | _a(Sirsi) i9780060248024 | ||
| 040 |
_aUM _cDLC _dJRS |
||
| 042 | _alccopycat | ||
| 049 | _aJRSA | ||
| 050 | 0 | 4 |
_aPS3569.I47224 _bF3 1996 |
| 082 | 0 | 0 |
_a811/.54 _220 |
| 099 | _aJ811.54 S587f 1996 | ||
| 092 | _a811 SIL | ||
| 100 | 1 |
_aSilverstein, Shel. _97321 |
|
| 245 | 1 | 0 |
_aFalling up : _bpoems and drawings / _cby Shel Silverstein. |
| 260 |
_aNew York, N.Y. : _bHarperCollins, _cc1996. |
||
| 300 |
_a171 p. : _bill. ; _c23 cm. |
||
| 500 | _aIncludes index. | ||
| 520 | _aA collection of humorous poems and drawings. | ||
| 650 | 0 |
_aChildren's poetry, American. _96133061 |
|
| 650 | 0 |
_aHumorous poetry. _985595 |
|
| 650 | 0 |
_aAmerican poetry. _96133062 |
|
| 942 |
_cBOOK _0100 |
||
| 979 | _a422998 | ||
| 998 | _aa65439 | ||
| 999 |
_c30879 _d30879 |
||